Komparácia dosahovanej životnej úrovne na Slovensku s ostatnými krajinami EÚ bakalárska práca

Guardado en:
Detalles Bibliográficos
Autor principal: Jakubová, Elena
Autor Corporativo: Podnikovohospodárska fakulta EU so sídlom v Košiciach. Katedra ekonómie
Otros Autores: Slivková, Adela, 1986-
Formato: Libro
Lenguaje:eslovaco
Publicado: Košice 2012
Etiquetas: Agregar Etiqueta
Sin Etiquetas, Sea el primero en etiquetar este registro!

MARC

LEADER 00000nbm a2200000 4500
001 0155608
005 20240827092445.4
041 0 |a slo 
044 |a SK 
245 1 0 |a Komparácia dosahovanej životnej úrovne na Slovensku s ostatnými krajinami EÚ  |b bakalárska práca  |c Elena Jakubová ; školiteľ: Adela Slivková 
264 1 |a Košice  |c 2012 
300 |a 63 s. 
100 1 |a Jakubová, Elena 
700 1 |a Slivková, Adela, 1986- 
710 2 |a Podnikovohospodárska fakulta EU so sídlom v Košiciach. Katedra ekonómie